| 000 | 00617nam a2200241Ia 4500 | ||
|---|---|---|---|
| 005 | 20260429112146.0 | ||
| 008 | 260429s9999||||xx |||||||||||||| ||und|| | ||
| 020 | _a9780323734165 | ||
| 041 | _aEnglish | ||
| 082 |
_a612 _bPAT |
||
| 100 | _aPatton, Kevin T. | ||
| 245 | 0 |
_aHuman body in health and disease / _cKevin T. Patton |
|
| 250 | _a8th ed. | ||
| 260 |
_aAmsterdam : _bElsevier, _c2024. |
||
| 300 | _axxiii, 810 p.; pbk | ||
| 650 | _a Disease | ||
| 650 | _a Health | ||
| 650 | _aHuman body | ||
| 700 | _a Bell, Frank | ||
| 700 | _a Thompson, Terry | ||
| 700 | _a Williamson, Peggie | ||
| 942 | _cTB | ||
| 999 |
_c52655 _d52655 |
||